Speeches for all times (Record no. 2233)

MARC details
000 -LEADER
fixed length control field 00583nam a22001937a 4500
003 - CONTROL NUMBER IDENTIFIER
control field URS
005 - DATE AND TIME OF LATEST TRANSACTION
control field 20220114142044.0
008 - FIXED-LENGTH DATA ELEMENTS--GENERAL INFORMATION
fixed length control field 191106s2003 ph |||| |||| 00| 0 eng d
020 ## - INTERNATIONAL STANDARD BOOK NUMBER
International Standard Book Number 9718581650
040 ## - CATALOGING SOURCE
Transcribing agency URS
Language of cataloging eng
Modifying agency rda
050 14 - LIBRARY OF CONGRESS CALL NUMBER
Classification number PN 6122
Item number .M4251 2003
100 ## - MAIN ENTRY--PERSONAL NAME
Personal name Matalang,Salvation T.
245 10 - TITLE STATEMENT
Title Speeches for all times
Statement of responsibility, etc. Salvation T. Matalang, Joel Joseph L. Egipto, Lerma B. Egipto
260 ## - PUBLICATION, DISTRIBUTION, ETC.
Place of publication, distribution, etc. QuezonCity:
Name of publisher, distributor, etc. Great Books Trading;
Date of publication, distribution, etc. [2003]
300 ## - PHYSICAL DESCRIPTION
Extent v 249 pages;
Dimensions 22 cm.
650 ## - SUBJECT ADDED ENTRY--TOPICAL TERM
Source of heading or term Speeches
700 ## - ADDED ENTRY--PERSONAL NAME
Personal name Egipto,Joel Joseph L. Egipto,Lerma B.
942 ## - ADDED ENTRY ELEMENTS (KOHA)
Source of classification or shelving scheme Library of Congress Classification
Koha item type Filipiniana
Holdings
Withdrawn status Source of classification or shelving scheme Damaged status Not for loan Collection code Home library Current library Shelving location Date acquired Total Checkouts Full call number Barcode Date last seen Price effective from Koha item type
  Library of Congress Classification     Non-fiction Cainta College Library Cainta College Library On Display 10/11/2017   PN 6122.M4251 2003 URSCAI-1844 10/11/2017 10/11/2017 Filipiniana

University of Rizal System
Email us at univlibservices@urs.edu.ph

Visit our Website www.urs.edu.ph/library